|
|
|
|
| LEADER |
00000nam0a2200000 4500 |
| 001 |
299905 |
| 005 |
20231102001241.0 |
| 010 |
|
|
|a 3190016178
|
| 035 |
|
|
|a (RuTPU)RU\TPU\book\325058
|
| 090 |
|
|
|a 299905
|
| 100 |
|
|
|a 20150703d2001 m y0gery50 ba
|
| 101 |
0 |
|
|a ger
|
| 102 |
|
|
|a DE
|
| 105 |
|
|
|a a j 000zy
|
| 200 |
1 |
|
|a Tangram. Zertifikat Dentsch. Kursbuch & Arbeitsbuch Z
|f R.-M. Dallapiazza [и др.]
|
| 210 |
|
|
|a Germany
|c Max Hueber Verlag
|d 2001
|
| 215 |
|
|
|a 180 s.
|c il.
|
| 606 |
1 |
|
|a Немецкий язык
|x Учебные руководства и пособия для вузов
|2 stltpush
|3 (RuTPU)RU\TPU\subj\45394
|9 64636
|
| 610 |
1 |
|
|a лексика
|
| 610 |
1 |
|
|a грамматика
|
| 610 |
1 |
|
|a разговорная речь
|
| 610 |
1 |
|
|a упражнения
|
| 686 |
|
|
|a Ш143.24-923
|v LBC/SL-A
|2 rubbk
|
| 701 |
|
1 |
|a Dallapiazza
|b R.-M.
|g Rosa-Mariia
|
| 701 |
|
1 |
|a Jan
|b E.
|g Eduard von
|
| 701 |
|
1 |
|a Bluggel
|b B.
|g Beate
|
| 701 |
|
1 |
|a Schumann
|b A.
|g Anja
|
| 801 |
|
1 |
|a RU
|b 63413507
|c 20150703
|
| 801 |
|
2 |
|a RU
|b 63413507
|c 20161201
|g RCR
|
| 942 |
|
|
|c BK
|